Biblioteca

Los evangelios apócrifos (Registro nro. 45029)

Detalles MARC
000 -LÍDER
Campo fijo de descripción fija 01806aam a2200301 c 4500
001 - NÚMERO DE CONTROL
Campo de control 18613
003 - IDENTIFICADOR DEL NÚMERO DE CONTROL
Campo de control CO-MdFUSB
005 - FECHA Y HORA DE LA ULTIMA TRANSACCIÓN
control field 20250609155704.0
008 - ELEMENTOS DE LONGITUD FIJA -- INFORMACIÓN GENERAL
Campo fijo de descripción fija -- Información general 170714t2006 sp ||||| |||| 00| 0 eng d
020 ## - NÚMERO INTERNACIONAL NORMALIZADO PARA LIBROS
Número Internacional Normalizado del libro 84-7914-044-5
040 ## - FUENTE DE CATALOGACIÓN
Agencia que realiza la transcripción CO-MdFUSB
Agencia de catalogación original CO-MdFUSB
Idioma de catalogación spa
Agencia que realiza la modificación CO-MdFUSBC
Convenciones de la descripción rda
041 ## - CÓDIGO DE IDIOMA
Código de idioma para texto/pista de sonido o título separado spa
082 04 - NÚMERO DE CLASIFICACIÓN DECIMAL DEWEY
Número de clasificación R 229.8 S2373e
100 1# - ASIENTO PRINCIPAL--NOMBRE PERSONAL
Nombre personal Santos Otero, Aurelio de
245 10 - TÍTULO
Título del Material Los evangelios apócrifos
Mención de responsabilidad, etc. / Aurelio De Santos Otero
250 ## - MENCIÓN DE EDICIÓN
Mención de edición Decima edición
264 #1 - PRODUCCIÓN, PUBLICACIÓN, DISTRIBUCIÓN, MANUFACTURA, Y COPYRIGHT
Lugar de producción, publicación, distribución, manufactura Madrid, España :
Nombre del productor, publicador, distribuidor Biblioteca de Autores Cristianos
Fecha de producción, publicación, distribución, manufactura, o copyright © 2006
264 #4 - PRODUCCIÓN, PUBLICACIÓN, DISTRIBUCIÓN, MANUFACTURA, Y COPYRIGHT
Fecha de producción, publicación, distribución, manufactura, o copyright © 2006
300 ## - DESCRIPCIÓN FÍSICA
Extensión XXVI, 781 páginas
Otros detalles físicos :
Dimensiones ;
336 ## - TIPO DE CONTENIDO
Fuente rdacontent
Término de tipo de contenido texto
Código de tipo de contenido txt
337 ## - TIPO DE MEDIO
Fuente rdamedia
Nombre del tipo de medio sin mediación
Código del tipo de medio n
338 ## - TIPO DE SOPORTE
Fuente rdacarrier
Nombre del tipo de soporte volumen
Código Tipo de soporte nc
501 ## - NOTA DE “CON”
Nota de Contenido Pasta dura
505 ## - NOTA DE CONTENIDO
Nota de contenido con formato preestablecido Apócrifos del Nuevo Testamento -- Evangelios apócrifos -- Catálogos de apócrifos neotestamentarios -- Evangelios apócrifos tardíos -- Evangelio de los Hebreos -- Evangelio de los Doce o de los Ebionitas -- Evangelio de los Egipcios -- Evangelio o tradiciones de Matías -- Evangelio de Pedro -- Evangelio de los adversarios de la Ley de los profetas -- Memoria de los Apóstoles -- Tres clases de frutos de vida cristiana -- Evangelio de los cuatro rincones y quicios del mundo -- Evangelio de Apeles -- Nacimiento de María -- Evangelio de Judas Iscariote -- Evangelio de Eva -- Ascensión de Santiago -- Evangelio vivo -- Preguntas de María -- Evangelio de la perfección -- Evangelio de Basílides -- Evangelio de Marción -- Fragmentos papiráceos -- Apócrifos de la Natividad -- Apócrifos de la Infancia -- Apócrifos de la pasión y resurrección -- Apócrifos asuncionistas -- Cartas del Señor -- Apócrifos gnósticos de Nag Hammadi
653 ## - TÉRMINO DE INDIZACIÓN - NO CONTROLADO
Término no controlado Evangelios Apócrifos
942 ## - TIPO DE MATERIAL (KOHA)
Tipo de Item KOHA Libros General
945 ## - INFORMACIÓN LOCAL DEL REGISTRO
Catalogador Estudiante
Existencias
Estado de Material Estado de Perdido Forma de Clasificación Estado de Dañado No para Préstamo Colección Tomo Biblioteca de Origen Biblioteca Permanente Fecha de Adquisición Total de Préstamos Total de Renovaciones Signatura Topográfica Código de Barras Última vez visto Última vez Préstado Ejemplar/Existencia Fecha de Remplazo Tipo de Material
    Dewey Decimal Classification     Colección de Referencia   Biblioteca FUSBC Biblioteca FUSBC 11/09/2014 5 1 R 229.8 S2373e 18592 04/06/2021 16/05/2017 1 26/01/2016 Libros de Referencia

Biblioteca FUSBC | Teléfono: (57+4) 349 88 10 Ext. 141| WhatsApp (+57) 3005338115 
E-mail: biblioteca@unisbc.edu.co | Calle 76 87-14 Robledo Palenque, Medellín, Colombia

Con tecnología Koha